00278nam a2200121Ia 4500008004100000100000900041245002900050260002300079300000800102650002200110942000700132999001700139190216s9999||||xx |||||||||||||| ||und|| aNull 2aA K G Malayalakavithayil bSangam Booksc1984 a39p aMalayalam Kavitha cBK c25639d25639